Pravidla jmenného katalogu
Na minha lista:
| Autor principal: | |
|---|---|
| Formato: | Livro |
| Idioma: | tcheco |
| Publicado em: |
Praha
Státní pedagogické nakladatelství
1969
|
| Edição: | 2. oprav. a dopl. vyd. |
| Colecção: | Ústř. vědecko-metodického kabinetu knihovnictví
|
| Tags: |
Sem tags, seja o primeiro a adicionar uma tag!
|
MARC
| LEADER | 00000nam a2200000 4500 | ||
|---|---|---|---|
| 001 | c111751 | ||
| 005 | 20041019155150.7 | ||
| 041 | 0 | |a cze | |
| 044 | |a CZ | ||
| 245 | 1 | 0 | |a Pravidla jmenného katalogu |c Miroslav Nádvorník |
| 250 | |a 2. oprav. a dopl. vyd. | ||
| 264 | 1 | |a Praha |b Státní pedagogické nakladatelství |c 1969 | |
| 300 | |a 255 s. | ||
| 490 | 1 | |a Ústř. vědecko-metodického kabinetu knihovnictví | |
| 830 | 0 | |a Ústř. vědecko-metodického kabinetu knihovnictví | |
| 100 | 1 | |a Nádvorník, Miroslav | |